000 00859nam a2200241 a 4500
001 BRL_1145
005 20190320211045.0
008 151113s1962----mx-######b---#100-0#spa-#
041 _aspa
044 _amx
050 4 _aZ5114
_b.C66 1962
111 2 _aCongreso Internacional de Americanistas
_n(35
_d1962
_cMexico)
_923168
245 1 0 _aBibliografía antropológica
_btrabajos publicados en México, 1955-1962
_cRecopilación de Noemi Castillo Tejero y Lorena E. Mirambell Silva ; Editada bajo la dirección de Lauro José Zavala.
260 _aMéxico
_b[Editorial Libros de México]
_c1962
300 _a172 p.
_c24 cm.
500 _aAu1317
650 1 4 _aAntropología
_vBibliografías
_925928
700 1 _aCastillo Tejero, Noemi
_923251
700 1 _aMirambell, Lorena
_925929
700 1 _aZavala,José Lauro
_925930
902 _aGRL
942 _2lcc
_cB
999 _c9957
_d9957